000
00317 a2200145 4500
001
61134
020
_a
8574184241
040
_c
Anchieta - Pituba
100
_a
Costa, Marcelo Baccarin
240
1
0
_a
Globetrotter
_l
Ing
245
1
0
_a
Globetrotter
300
_a
303
650
4
_a
Inglês e inglês antigo
942
_c
BK
999
_c
61134
_d
61134